000 00867nas a2200289 4500
001 BR0904340
003 BR-BrBNA
005 20231205113313.0
007 ta
008 230509b bl.|||p| |||| 00| 00por d
040 _aBR-BrBNA
_bpor
_cBiblioteca Nacional de Agricultura
041 _a(Pt)
072 _aH10
100 1 _aVerzignassi, J.R.
100 1 _aBenchimol, R.L.
100 1 _aPoltronieri, L.S.
100 1 _aMatos, G.S.B.
100 1 _aXavier, J.R.M.
245 1 _aOcorrência de murcha por Fusarium em meloeiros no Nordeste Paraense
650 _aMELÃO
650 _aFUSARIUM OXYSPORUM
650 _aMURCHA DE FUSARIUM
650 _aPATOGENICIDADE
773 0 _tRevista de Ciências Agrárias (Brazil)
_xISSN 1517-591X
_g(Jul-Dec 2007), (no. 48) p. 215-219
_wBR0904340
909 _a202311
_bLúcia
_c55
_dLúcia Elande
942 _2AGRIS
_n0
_cANA
999 _c203010
_d203010